[Event "ECU-ch"]
[Site "Salinas"]
[Date "2021.12.18"]
[Round "6"]
[White "Munoz Sanchez, Jhon Marcelo"]
[Black "Huerta Chacon, Jonnathan Santiago"]
[Result "1-0"]
[WhiteElo "2226"]
[BlackElo "1361"]
[PlyCount "85"]
[EventDate "2021.12.16"]
[EventType "swiss"]
[EventRounds "7"]
[EventCountry "ECU"]
[SourceTitle "EXT 2023"]
[Source "ChessBase"]
[SourceDate "2022.10.05"]
[SourceVersion "1"]
[SourceVersionDate "2022.10.05"]
[SourceQuality "1"]

1. d4 d5 2. c4 e6 3. Nf3 c6 4. Qc2 f5 5. Bf4 Bd6 6. Bxd6 Qxd6 7. Nbd2 Nf6 8. e3 0-0 9. Bd3 Ne4 10. 0-0 Nd7 11. Rfd1 Rf6 12. Bf1 Rh6 13. g3 Ndf6 14. Ne5 Nd7 15. Nd3 g5 16. f3 Nxd2 17. Rxd2 Nf8 18. Ne5 Ng6 19. f4 g4 20. Bd3 Nxe5 21. fxe5 Qd8 22. cxd5 Qxd5 23. Bc4 Qf3 24. Re2 Qe4 25. Qxe4 fxe4 26. Rf2 b5 27. Bb3 Ba6 28. Rc1 Bb7 29. Rc5 Rf8 30. Rxf8+ Kxf8 31. Bc2 Rg6 32. Bxe4 Rg7 33. b4 Rc7 34. Rc1 Ke8 35. Rf1 h5 36. Rf6 Ke7 37. Rh6 a6 38. Rxh5 c5 39. Rh7+ Kd8 40. Rxc7 Kxc7 41. Bxb7 cxb4 42. Bxa6 Kb6 43. Bc8 1-0

[Event "ECU-ch"]
[Site "Salinas"]
[Date "2021.12.16"]
[Round "1"]
[White "Huerta Chacon, Jonnathan Santiago"]
[Black "Esmeraldas Huachi, Anderson Yahir"]
[Result "0-1"]
[WhiteElo "1361"]
[BlackElo "2056"]
[PlyCount "92"]
[EventDate "2021.12.16"]
[EventType "swiss"]
[EventRounds "7"]
[EventCountry "ECU"]
[SourceTitle "EXT 2023"]
[Source "ChessBase"]
[SourceDate "2022.10.05"]
[SourceVersion "1"]
[SourceVersionDate "2022.10.05"]
[SourceQuality "1"]

1. e4 c5 2. Nc3 Nc6 3. Bb5 Nd4 4. Bd3 g6 5. Nge2 Bg7 6. 0-0 e6 7. Nxd4 cxd4 8. Ne2 d5 9. exd5 Qxd5 10. b3 Ne7 11. Ba3 Bd7 12. Ng3 Qa5 13. Bxe7 Kxe7 14. a3 Bc6 15. b4 Qd5 16. f3 Rhd8 17. Qe2 b6 18. Rae1 Kf8 19. Kh1 Rac8 20. Ne4 Ba4 21. Rc1 Kg8 22. Ba6 Rxc2 23. Rxc2 Bxc2 24. d3 Bb3 25. Qd2 f5 26. Nf2 Qd6 27. Re1 Be5 28. Qb2 Bd5 29. h3 Bf6 30. Kg1 Qg3 31. Qe2 Bh4 32. Rc1 Bg5 33. Rc2 Be3 34. Kf1 Qh2 35. Bc4 Ba8 36. Bxe6+ Kg7 37. Ra2 Re8 38. Bd7 Re7 39. Ba4 Re5 40. Ra1 Bb7 41. Bb3 Ba6 42. Rd1 Bxf2 43. Qxe5+ Qxe5 44. Kxf2 Qe3+ 45. Kg3 Bxd3 46. Ba4 Be2 0-1